Strategic human resource planning. / (Record no. 5276)
[ view plain ]
| 000 -LEADER | |
|---|---|
| fixed length control field | 00976nam a22001697a 4500 |
| 008 - FIXED-LENGTH DATA ELEMENTS--GENERAL INFORMATION | |
| fixed length control field | 141120b xxu||||| |||| 00| 0 eng d |
| 020 ## - INTERNATIONAL STANDARD BOOK NUMBER | |
| International Standard Book Number | 9780176501327 |
| 050 ## - LIBRARY OF CONGRESS CALL NUMBER | |
| Classification number | HF5549.5. M3 B45 |
| 100 ## - MAIN ENTRY--PERSONAL NAME | |
| Personal name | Belcourt,Monica. |
| 245 ## - TITLE STATEMENT | |
| Title | Strategic human resource planning. / |
| Statement of responsibility, etc. | Monica ,Belcourt. |
| 260 ## - PUBLICATION, DISTRIBUTION, ETC. | |
| Place of publication, distribution, etc. | U.s.a: |
| Name of publisher, distributor, etc. | Nelson Education, |
| Date of publication, distribution, etc. | 2010. |
| 300 ## - PHYSICAL DESCRIPTION | |
| Extent | xxxi,424p.: |
| Other physical details | ills,: |
| Dimensions | 24cm |
| 500 ## - GENERAL NOTE | |
| General note | Includes Appendix |
| 505 ## - FORMATTED CONTENTS NOTE | |
| Formatted contents note | Contents:Part 1 Introduction -- Strategic management -- Aligning HR with Strategy -- Environmental influences on HRM -- HR PLANNING -- Job Analysis -- Information technology for HR planning -- The HR forecasting process -- HR demand -- Ascertaining HR supply -- Succession management -- Strategic options and general decisions -- Downsizing and restructuring -- Strategic international HRM -- Mergers and acquisitions -- Outsourcing -- Evaluation of HR programs and policies -- HR Accounting methods. |
| 700 ## - ADDED ENTRY--PERSONAL NAME | |
| Personal name | Mcbey , Kenneth J. |
| 942 ## - ADDED ENTRY ELEMENTS (KOHA) | |
| Source of classification or shelving scheme | Library of Congress Classification |
| Koha item type | Books |
| Withdrawn status | Lost status | Source of classification or shelving scheme | Damaged status | Not for loan | Home library | Current library | Shelving location | Date acquired | Total Checkouts | Full call number | Barcode | Date last seen | Price effective from | Koha item type |
|---|---|---|---|---|---|---|---|---|---|---|---|---|---|---|
| Library of Congress Classification | WISCONSIN INTERNATIONAL UNIVERSITY COLLEGE, GHANA - MAIN LIBRARY | WISCONSIN INTERNATIONAL UNIVERSITY COLLEGE, GHANA - MAIN LIBRARY | 20/11/2014 | HF5549.5M3B45 | 7540/568/13 | 20/11/2014 | 20/11/2014 | Books |
